000 00726cab a2200253 4500
001 WB3314-46
008 090401t1997 xxu||||| |||| 00| 0 eng d
035 _a(Sirsi) u77643
041 _aeng
245 _aGreed creates dodgy practices
260 _c1997
350 _a0
490 _aObserver
_v29 March 1997, B20(1)
520 _aArticle looks at how the increase in property sales is leading to some dodgy practices by estate agents.
650 _aCODE OF PRACTICE
650 _aESTATE AGENTS
650 _aGAZUMPING
650 _aHOUSE SALES
650 _aPROPERTY BOOM
650 _aSHORTAGE
690 _aPROPERTY-RESIDENTIAL PROPERTY-RESIDENTIAL PROPERTY MARKET
942 _n0
948 _c08/04/1997
999 _c48805
_d48805